Kỹ thuật canh tác cây ăn trái : Cây táo

Bộ tài iệu "Kỹ thuật canh tác cây ăn trái" gồm nhiều quyển, mỗi quyển sẽ giới thiệu về kỹ thuật canh tác một loại cây ăn trái đang được trồng nhiều ở nước ta. Ở quyển 8, sách viết dễ hiểu và hết sức cụ thể đối với tu...

Descrición completa

Gardado en:
Detalles Bibliográficos
Autor Principal: Nguyễn, Danh Vàn
Formato: Libro
Idioma:Undetermined
Publicado: Thành phố Hồ Chí Minh Tổng hợp Thành phố Hồ Chí Minh 2008
Những chủ đề:
Các nhãn: Engadir etiqueta
Sen Etiquetas, Sexa o primeiro en etiquetar este rexistro!
Thư viện lưu trữ: Trung tâm Học liệu Trường Đại học Cần Thơ
LEADER 01382nam a2200241Ia 4500
001 CTU_133751
008 210402s9999 xx 000 0 und d
020 |c 26000 
082 |a 634.6 
082 |b V105/Q.8 
100 |a Nguyễn, Danh Vàn 
245 0 |a Kỹ thuật canh tác cây ăn trái : 
245 0 |b Cây táo 
245 0 |c Nguyễn Danh Vàn 
260 |a Thành phố Hồ Chí Minh 
260 |b Tổng hợp Thành phố Hồ Chí Minh 
260 |c 2008 
520 |a Bộ tài iệu "Kỹ thuật canh tác cây ăn trái" gồm nhiều quyển, mỗi quyển sẽ giới thiệu về kỹ thuật canh tác một loại cây ăn trái đang được trồng nhiều ở nước ta. Ở quyển 8, sách viết dễ hiểu và hết sức cụ thể đối với từng biện pháp kỹ thuật trong việc trồng cây táo. Sách là một tài liệu hướng dẫn thiết thực cho bà con nhà vườn, người trực tiếp sản xuất ra trái cây cho xã hội. 
650 |a Fruit trees,Fruit trees,Cây ăn trái,Rhamnaceae 
650 |x Varieties,Planting,Trồng cây 
904 |i Giang 
910 |a Ngô Hồng Xuân 
980 |a Trung tâm Học liệu Trường Đại học Cần Thơ